[Event "GRE-ch U16"]
[Site "Aghia Pelagia"]
[Date "2004.06.27"]
[Round "2"]
[White "Nikolopoulos, Georgios"]
[Black "Rinopoulos, Vasilios"]
[Result "1-0"]
[WhiteElo "2047"]
[BlackElo "1958"]
[PlyCount "63"]
[EventDate "2004.06.26"]
[EventType "swiss"]
[EventRounds "9"]
[EventCountry "GRE"]
[SourceTitle "CBM 101 Extra"]
[Source "ChessBase"]
[SourceDate "2004.09.01"]
[SourceVersion "2"]
[SourceVersionDate "2004.09.01"]
[SourceQuality "1"]

1. e4 c5 2. Nf3 d6 3. d4 cxd4 4. Nxd4 Nf6 5. Nc3 g6 6. Be2 Bg7 7. 0-0 0-0 8. Bg5 Nc6 9. Nb3 Be6 10. Kh1 Ne5 11. f4 Nc4 12. f5 Nxb2 13. Qc1 Bc4 14. Qxb2 Bxe2 15. Nxe2 Nxe4 16. f6 exf6 17. Be3 f5 18. Bd4 Bxd4 19. Qxd4 Qh4 20. Rf3 Rfe8 21. Nf4 g5 22. Nd5 g4 23. g3 Qh6 24. Rd3 Re5 25. Rf1 Ng5 26. Nd2 Rae8 27. Re3 Nf3 28. Nxf3 Rxe3 29. Nf6+ Kf8 30. Qxd6+ R8e7 31. Nh4 Qg5 32. Nxh7+ 1-0

[Event "GRE-ch U16"]
[Site "Chania"]
[Date "2003.04.20"]
[Round "1"]
[White "Mihok, Marios"]
[Black "Rinopoulos, Vasilios"]
[Result "0-1"]
[WhiteElo "1555"]
[BlackElo "1825"]
[PlyCount "82"]
[EventDate "2003.04.??"]
[EventType "swiss"]
[EventRounds "7"]
[EventCountry "GRE"]
[SourceTitle "EXT 2005"]
[Source "ChessBase"]
[SourceDate "2004.11.15"]
[SourceVersion "1"]
[SourceVersionDate "2004.11.15"]
[SourceQuality "1"]

1. f4 d5 2. Nf3 g6 3. e3 Bg7 4. d4 Nf6 5. Bd3 c5 6. c3 cxd4 7. exd4 0-0 8. 0-0 Nc6 9. Qe2 Bg4 10. Be3 Qb6 11. h3 Bxf3 12. Rxf3 Rfe8 13. g4 Nd7 14. g5 e5 15. fxe5 Ndxe5 16. dxe5 d4 17. Bxd4 Nxd4 18. cxd4 Qxd4+ 19. Qf2 Bxe5 20. Nc3 Qd8 21. Qg2 Rc8 22. Bb5 Bxc3 23. Bxe8 Bd4+ 24. Kh1 Qxe8 25. Raf1 Rc7 26. Qd2 Qe4 27. R1f2 Re7 28. Rf1 Re6 29. Qg2 Re7 30. Rb3 Qe6 31. Qf3 Qc4 32. Qf4 Qe2 33. Rb4 Bxb2 34. Rf2 Qd1+ 35. Kg2 Qd5+ 36. Rf3 Be5 37. Qe3 Qxa2+ 38. Rf2 Qd5+ 39. Rf3 Bf6 40. Qf2 Qxg5+ 41. Rg3 Qd5+ 0-1